000 01005nam a2200253 a 4500
001 000022818
005 20200930021820.0
008 101118s1968 ag a r 000 0 spa d
040 _aDO-SdBNP
_bspa
_cBNPHU
082 _annnn
_bB365b, 1968
100 1 _aBeadle, George W.,
_d1903-1989
_946875
240 1 4 _aThe physical and chemical basis of inheritance.
_lEspañol.
245 1 4 _aLas bases físicas y químicas de la herencia /
_cGeorge W. Beadle ; traducción de Jorge E. Wright.
250 _a6a ed.
260 _aBuenos Aires :
_bUniversidad de Buenos Aires,
_c1968.
300 _a59 p. :
_bil. ;
_c25 cm.
490 1 _aCuardernos de EUDEBA
_v1
504 _aIncluye referencias bibliográficas y notas al pie de las páginas.
534 _pTítulo original en inglés:
_tThe physical and chemical basis of inheritance.
_cCondon Lectures, 1957.
504 _aBibibliografía: (55-[58])
700 1 _aWright, Jorge E.,
_etr.
_946876
830 0 _aCuardernos de EUDEBA ;
_v1
_946877
049 _aBNGR
999 _c22315
_d22315